200 mots aléatoire Harry Potter 2 #1 - Statistiques

Statistiques générales
  • Ce quiz a été pris 31 fois
  • Le résultat moyen est 97 sur 200
Statistiques - réponses
Réponses % Correct
à
97%
a
97%
l'
90%
C'
86%
—C'
86%
c'
86%
s'
86%
j'
83%
d'
79%
ai
76%
de
76%
il
76%
la
76%
le
76%
—Le
76%
est
72%
du
69%
Je
69%
Je,
69%
des
66%
—Mais
66%
Rogue.
66%
Rogue,
66%
un
66%
—Vous
66%
ça?
62%
Drago
62%
Drago,
62%
en
62%
62%
qu'
62%
que
62%
te
62%
dit
59%
était
59%
les
59%
Les
59%
or:
59%
Malefoy.
55%
Malefoy?
55%
plus
55%
professeur
55%
sur
55%
une
55%
avec
52%
Serpentard
52%
Serpentard.
52%
son
52%
fait
48%
leur
48%
mot
48%
tu
48%
alors
45%
avez
45%
entraîner
45%
père
45%
Quidditch
45%
2001.
41%
afin
41%
attrapeur.
41%
attrapeur?
41%
autres,
41%
autres
41%
balai.
41%
Dubois,
41%
Dubois
41%
équipe
41%
fils
41%
leurs
41%
Lucius
41%
Nimbus
41%
nouvel
41%
petit
41%
réservé
41%
réservé!
41%
terrain!
41%
terrain
41%
air
38%
autorisation
38%
cadeau
38%
soussigné,
38%
toi,
38%
tout
38%
balais
34%
bon?
34%
demanda
34%
garçon
34%
sorti
34%
visage
34%
—Ah
31%
aujourd'
31%
donne
31%
écrit
31%
former
31%
Fred
31%
hui
31%
joueurs
31%
montrer
31%
neufs
31%
dernier
28%
dernier,
28%
Flint.
28%
Flint
28%
lettres
28%
modèle,
28%
mois
28%
sourire
28%
flambant
24%
pâle.
24%
Pourtant,
24%
regardant
24%
Regarde:
24%
sept
24%
vais
24%
manches
21%
parles
21%
tandis
21%
apparut
17%
Derrière
17%
lesquels
17%
magnifique
17%
rage.
17%
dégoût.
14%
drôle
14%
six
14%
exhibèrent
10%
—Tiens,
10%
chromé
7%
grain
7%
pichenette
7%
poussière
7%
protesta
7%
accentuait.
3%
alignés,
3%
chassant
3%
distrait.
3%
écumant
3%
égaré
3%
étincelant
3%
goguenard
3%
métal
3%
rangée
3%
Aucun quiz correspondant
Distribution des résultats
% des personnes avec chaque résultat
Percentile par nombre de réponses
Votre historique - résultats
Vous n’avez pas pris ce quiz